000 00637nam a2200217 a 4500
001 BRCA_6356
005 20190320205425.0
008 190811s1930----ag-af#####---#000-0#fre-#
041 _afre
044 _afr
050 4 _aPQ2637
_b.C63 A8
_c1930
100 1 _aAnet, Claude
_d1868-1931
_915931
245 1 0 _aAriane
_bjeune fille russe
_cClaude Anet ; 29 bois originaux de Angelina Beloff.
260 _aParís
_bArthème Fayard & Cie
_c1930
300 _a126 p.
_bil., 29 grabados
_c24 cm.
440 0 _aLivre de demain
_915932
500 _aK148
700 1 _aBeloff, Angelina
_f1879-1969.
_eil.
_915933
902 _aGFM
942 _2lcc
_cB
999 _c6042
_d6042